000 00620nam a22001697a 4500
003 OSt
005 20171010095441.0
008 120611t xxu||||| |||| 00| 0 eng d
040 _aMMSU
_cULS
100 _aDulloog, Marvin Aries I.
_910156
245 _aEvaluation of sanitation practices and hazardous wastes disposal of bus operators in laoag city
_cMarvin Aries I. Dulloog
260 _c2007
300 _axiv, [53] leaves
_c28 cm.
500 _aThesis (BS Environmental Science) -- Mariano Marcos State University-College of Arts and Sciences, Batac City
504 _aBibliography: leaf 37
942 _2ddc
_cTHEDIS
999 _c9551
_d9551